[Event "30.Schlosspark-Open"]
[Site "Wiesbaden-Biebrich"]
[Date "2018.08.25"]
[Round "4.53"]
[White "Kummer, Wolfram"]
[Black "Krischak, Werner"]
[Result "0-1"]
[WhiteElo "2108"]
[BlackElo "1730"]
[PlyCount "60"]
[EventDate "2018.??.??"]
[WhiteTeam "Godesberger SK"]
[BlackTeam "SK Marburg"]

1. e4 c6 2. d4 d5 3. e5 Bf5 4. h4 h6 5. g4 Bd7 6. h5 e6 7. f4 c5 8. c3 Nc6 9.
Nf3 cxd4 10. cxd4 Qb6 11. Nc3 Bb4 12. Be3 Nge7 13. Rc1 O-O-O 14. Bd3 Kb8 15. a3
Bxc3+ 16. Rxc3 Na5 17. b4 Nc4 18. Bxc4 dxc4 19. Rxc4 Qa6 20. Qc1 Rc8 21. Rc5 b6
22. Rxc8+ Rxc8 23. Qd2 Ba4 24. Qe2 Bb5 25. Qb2 Qb7 26. Rh3 Qe4 27. Nd2 Qd3 28.
Kf2 Qe2+ 29. Kg1 Qd1+ 30. Kf2 Rc2 0-1

[Event "30.Schlosspark-Open"]
[Site "Wiesbaden-Biebrich"]
[Date "2018.08.25"]
[Round "4.54"]
[White "Haasner, Tom"]
[Black "Meding, Olaf"]
[Result "1-0"]
[WhiteElo "1950"]
[BlackElo "1779"]
[PlyCount "67"]
[EventDate "2018.??.??"]
[WhiteTeam "TSV Rottendorf"]
[BlackTeam "SF Mainz"]

1. d4 d5 2. Bf4 Nf6 3. e3 c5 4. c3 Nc6 5. Nd2 e6 6. Ngf3 Bd6 7. Bg3 c4 8. e4
dxe4 9. Bxd6 Qxd6 10. Nxc4 Qc7 11. Nfd2 b5 12. Ne3 a6 13. g3 Bb7 14. Bg2 Rd8
15. O-O Ne7 16. Qe2 O-O 17. Rac1 Nf5 18. Nb3 Nd7 19. c4 b4 20. c5 Nb8 21. c6
Nxc6 22. Bxe4 Ncxd4 23. Nxd4 Nxd4 24. Qh5 Bxe4 25. Rxc7 Nf3+ 26. Kg2 Ne1+ 27.
Kh3 g6 28. Qe5 Nf3 29. Qf6 h6 30. g4 Ng5+ 31. Kg3 Bd3 32. Kg2 Ne4 33. Qe7 Bxf1+
34. Nxf1 1-0

[Event "30.Schlosspark-Open"]
[Site "Wiesbaden-Biebrich"]
[Date "2018.08.25"]
[Round "4.55"]
[White "Meaubert, Thomas"]
[Black "Guertler, Karl-Heinz"]
[Result "1/2-1/2"]
[WhiteElo "1758"]
[BlackElo "1908"]
[PlyCount "89"]
[EventDate "2018.??.??"]
[WhiteTeam "SC Floersheim"]
[BlackTeam "SC Ober-Ramstadt"]

1. c4 d6 2. Nc3 e5 3. Nf3 f5 4. d4 e4 5. Ng5 Be7 6. h4 c6 7. g3 Nf6 8. Qb3 Qb6
9. e3 Na6 10. Bd2 O-O 11. Qxb6 axb6 12. Na4 Bd8 13. b3 Bd7 14. c5 h6 15. Bc4+
d5 16. Bxa6 Rxa6 17. Nh3 b5 18. Nb2 Bc7 19. Ke2 Rfa8 20. a4 Be8 21. Nf4 Bxf4
22. exf4 Bh5+ 23. Ke1 Bf3 24. Rg1 Kf7 25. a5 Ng4 26. b4 Nh2 27. Bc3 Re8 28. Nd1
Bxd1 29. Kxd1 e3 30. Ra2 exf2 31. Rxf2 Ng4 32. Re2 Raa8 33. Rge1 Rxe2 34. Rxe2
Re8 35. Rxe8 Kxe8 36. Ke2 Kf7 37. Kf3 Kg6 38. Bd2 Kh5 39. Bc1 Nf6 40. Bd2 Ne4
41. Be3 Nc3 42. Bc1 Na4 43. Ba3 Nc3 44. Bc1 Ne4 45. Be3 1/2-1/2

[Event "30.Schlosspark-Open"]
[Site "Wiesbaden-Biebrich"]
[Date "2018.08.25"]
[Round "4.56"]
[White "Brauch, Manfred"]
[Black "Schmidt, Volker"]
[Result "1/2-1/2"]
[WhiteElo "1769"]
[BlackElo "1905"]
[PlyCount "58"]
[EventDate "2018.??.??"]
[WhiteTeam "SG Pieroth"]
[BlackTeam "TuS Dotzheim"]

1. d4 Nf6 2. Nf3 g6 3. e3 Bg7 4. Bd3 d5 5. Nbd2 O-O 6. c3 Nbd7 7. O-O c6 8. Re1
Qc7 9. e4 dxe4 10. Nxe4 Nxe4 11. Bxe4 Nf6 12. Bc2 Be6 13. h3 Rad8 14. Ne5 Bc8
15. Bb3 e6 16. Bg5 h6 17. Bh4 Rde8 18. Bg3 Qd8 19. Bh4 Qa5 20. Qf3 Nd7 21. Nc4
Qc7 22. Bg3 e5 23. Re3 b5 24. Nd2 c5 25. Rae1 c4 26. Bc2 Bb7 27. Qd1 f5 28.
Bxe5 Nxe5 29. dxe5 Rxe5 1/2-1/2

[Event "30.Schlosspark-Open"]
[Site "Wiesbaden-Biebrich"]
[Date "2018.08.25"]
[Round "4.57"]
[White "Sefeloge, Michael"]
[Black "Bakiev, Diyor"]
[Result "0-1"]
[WhiteElo "1763"]
[BlackElo "1899"]
[PlyCount "38"]
[EventDate "2018.??.??"]
[WhiteTeam "SV Lahnstein"]
[BlackTeam "SV Ffm-Griesheim"]

1. d4 Nf6 2. c4 c5 3. e3 cxd4 4. exd4 d5 5. cxd5 Nxd5 6. Nc3 e6 7. Bb5+ Bd7 8.
Qa4 Nc6 9. Nxd5 exd5 10. Nf3 Bb4+ 11. Bd2 Qe7+ 12. Kd1 Bxd2 13. Kxd2 O-O 14.
Rhe1 Qf6 15. Qb3 Nxd4 16. Qxd5 Nxb5 17. Ke2 Bc6 18. Qb3 Bxf3+ 19. gxf3 Nd4+ 0-1

[Event "30.Schlosspark-Open"]
[Site "Wiesbaden-Biebrich"]
[Date "2018.08.25"]
[Round "4.58"]
[White "Buehler, Severin"]
[Black "Bratmann, Marc"]
[Result "1/2-1/2"]
[WhiteElo "1892"]
[BlackElo "1758"]
[PlyCount "135"]
[EventDate "2018.??.??"]
[WhiteTeam "Heilbronner SV"]
[BlackTeam "TuS Dotzheim"]

1. e4 c6 2. d4 d5 3. Nc3 dxe4 4. Nxe4 Nf6 5. Nxf6+ gxf6 6. Nf3 Bg4 7. Be2 e6 8.
O-O Bd6 9. Be3 Nd7 10. c4 Qc7 11. h3 Bh5 12. Rc1 Rg8 13. c5 Bf4 14. Qd2 Bxe3
15. Qxe3 O-O-O 16. b4 Rg7 17. Qh6 Bxf3 18. Bxf3 Rdg8 19. b5 Rg5 20. h4 R5g6 21.
Qe3 f5 22. bxc6 bxc6 23. Rb1 Nf6 24. Rb2 Ng4 25. Bxg4 Rxg4 26. f4 Rg3 27. Qe5
Qxe5 28. dxe5 Rd8 29. Rfb1 Rgd3 30. Rb8+ Kd7 31. R1b7+ Ke8 32. Rxd8+ Rxd8 33.
Rxa7 Rd2 34. a4 Rc2 35. Ra8+ Ke7 36. Ra7+ Ke8 37. Ra5 Rc4 38. g3 Rc2 39. Ra8+
Ke7 40. Rh8 Rxc5 41. Rxh7 Ra5 42. Rh8 Rxa4 43. h5 Ra1+ 44. Kg2 Ra2+ 45. Kh3 Ra1
46. Kg2 Ra2+ 47. Kg1 Ra1+ 48. Kf2 Ra2+ 49. Ke3 Ra3+ 50. Kf2 Ra2+ 51. Kg1 Ra1+
52. Kh2 Ra2+ 53. Kh3 Ra1 54. h6 Rh1+ 55. Kg2 Rh5 56. Kf3 Rh3 57. Kg2 Rh5 58. g4
fxg4 59. Kg3 Rh1 60. Kxg4 Rg1+ 61. Kf3 Rh1 62. h7 Rh6 63. Ke4 Rh4 64. Ke3 Kd7
65. Kd3 Kc7 66. Ke3 Kd7 67. Kf3 Ke7 68. Ke3 1/2-1/2

[Event "30.Schlosspark-Open"]
[Site "Wiesbaden-Biebrich"]
[Date "2018.08.25"]
[Round "4.59"]
[White "Rabiya, Karim"]
[Black "Thomele, Michael"]
[Result "1-0"]
[WhiteElo "1750"]
[BlackElo "1886"]
[PlyCount "137"]
[EventDate "2018.??.??"]
[WhiteTeam "SK Niederbrechen"]
[BlackTeam "SC Obernau"]

1. e4 c5 2. Nf3 d6 3. d4 cxd4 4. Nxd4 Nf6 5. Nc3 e5 6. Nf3 Be7 7. Bc4 a6 8. a4
O-O 9. O-O Bg4 10. h3 Bh5 11. Qd3 Nc6 12. g4 Bg6 13. Nh4 Rc8 14. Nf5 Nb4 15.
Qe2 Nxc2 16. Qxc2 Rxc4 17. Qb3 Rc7 18. Nxe7+ Rxe7 19. Bg5 Rd7 20. f4 exf4 21.
Rxf4 Qc7 22. Bxf6 gxf6 23. Nd5 Qc5+ 24. Kh2 Kg7 25. Raf1 Rc8 26. Qf3 Qd4 27.
Rf2 Rc1 28. h4 Re1 29. Nxf6 Rc7 30. Ne8+ Kh8 31. Nxc7 Bxe4 32. Rxe4 Rxe4 33.
Qxf7 Rxg4 34. Qf8+ Rg8 35. Qf6+ Qxf6 36. Rxf6 Rg4 37. Ne8 Kg8 38. h5 Rh4+ 39.
Kg3 Rxh5 40. Nxd6 Ra5 41. b3 Rg5+ 42. Kf4 Rg7 43. Kf5 Rc7 44. Ke6 Rc3 45. b4 b6
46. Rf7 Ra3 47. Ne4 Re3 48. Rf4 Ra3 49. Nf6+ Kg7 50. Rg4+ Kh6 51. Ng8+ Kh5 52.
Nf6+ Kh6 53. Kf5 Rf3+ 54. Rf4 Ra3 55. Ne8 Kh5 56. Nf6+ Kh6 57. Ne8 Kh5 58. Kf6
Rh3 59. Ng7+ Kh6 60. Nf5+ Kh5 61. Rd4 Rh2 62. Ng3+ Kh6 63. Nf5+ Kh5 64. Rd5 Ra2
65. Rd4 Rh2 66. Ng3+ Kh6 67. Rd5 Rf2+ 68. Rf5 Rh2 69. Rg5 1-0

[Event "30.Schlosspark-Open"]
[Site "Wiesbaden-Biebrich"]
[Date "2018.08.25"]
[Round "4.60"]
[White "Senatov, Boris"]
[Black "Boder, Jan"]
[Result "0-1"]
[WhiteElo "1733"]
[BlackElo "1842"]
[PlyCount "80"]
[EventDate "2018.??.??"]
[WhiteTeam "SC Heusenstamm"]
[BlackTeam "SG Moersdorf-Lahr"]

1. e4 c5 2. Nf3 Nc6 3. d4 cxd4 4. Nxd4 g6 5. Nxc6 dxc6 6. Qxd8+ Kxd8 7. Bc4 Nf6
8. f3 Bg7 9. a4 Bd7 10. Nc3 Rf8 11. O-O Ne8 12. Be3 Nd6 13. Be2 Kc7 14. Bf4
Bd4+ 15. Kh1 e5 16. Bg3 f5 17. Bd3 Be6 18. exf5 gxf5 19. Rae1 Nc4 20. Re2 f4
21. Bf2 Nxb2 22. Bxd4 exd4 23. Rxe6 dxc3 24. Bxh7 Nxa4 25. Re7+ Kb6 26. Re4 Nb2
27. Rb4+ Kc7 28. Rb3 Na4 29. Rb4 b5 30. Re1 Rf7 31. Bg6 Rf6 32. Re7+ Kb6 33.
Be4 Rd8 34. Kg1 Nc5 35. Bh7 a5 36. Rb1 Rfd6 37. Rbe1 a4 38. Rf7 a3 39. Rxf4 a2
40. Kf2 Rd1 0-1

[Event "30.Schlosspark-Open"]
[Site "Wiesbaden-Biebrich"]
[Date "2018.08.25"]
[Round "4.61"]
[White "Niedenthal, Robert"]
[Black "Kuebart, Thore"]
[Result "0-1"]
[WhiteElo "1722"]
[BlackElo "1863"]
[Annotator "Schloessner,Henrik"]
[PlyCount "45"]
[EventDate "2018.??.??"]
[WhiteTeam "SV Hofheim"]
[BlackTeam "SK Radolfzell"]

1. c4 e5 2. Nc3 Nf6 3. g3 Nc6 4. Bg2 Bc5 5. e3 d6 6. Nge2 O-O 7. O-O a6 8. h3
Ne7 9. d4 exd4 10. exd4 Ba7 11. Bg5 Ne8 12. Kh2 h6 13. Bc1 c6 14. b3 d5 15.
cxd5 Nxd5 16. Nxd5 cxd5 17. Ba3 Nd6 18. Bxd5 Qf6 19. Bg2 Rd8 20. Bb2 Nf5 21.
Qc2 Bb8 22. Rfd1 Nh4 23. d5 {Rest der Partie nicht nachvollziehbar! 0-1 (60)}
0-1

[Event "30.Schlosspark-Open"]
[Site "Wiesbaden-Biebrich"]
[Date "2018.08.25"]
[Round "4.62"]
[White "Ahrends, Norbert"]
[Black "Baumgarten, Fred"]
[Result "1-0"]
[WhiteElo "1860"]
[BlackElo "1721"]
[PlyCount "51"]
[EventDate "2018.??.??"]
[WhiteTeam "SV Gross-Gerau"]
[BlackTeam "SV Hennef"]

1. d4 Nf6 2. c4 c5 3. e3 cxd4 4. exd4 d5 5. Nc3 e6 6. Nf3 Bb4 7. a3 Bxc3+ 8.
bxc3 O-O 9. Bd3 Qc7 10. Qb3 b6 11. cxd5 Nxd5 12. Be4 Bb7 13. c4 Nf6 14. Bxb7
Qxb7 15. O-O Rd8 16. Bg5 Nbd7 17. a4 Qe4 18. Qe3 h6 19. Qxe4 Nxe4 20. Bxd8 Rxd8
21. a5 g5 22. Rfe1 Nef6 23. Red1 Ne4 24. Nd2 Nc3 25. Re1 bxa5 26. Re3 1-0

[Event "30.Schlosspark-Open"]
[Site "Wiesbaden-Biebrich"]
[Date "2018.08.25"]
[Round "4.63"]
[White "Wachsmann, Elmar"]
[Black "Michalski, Uwe"]
[Result "1-0"]
[WhiteElo "1654"]
[BlackElo "1860"]
[PlyCount "73"]
[EventDate "2018.??.??"]
[WhiteTeam "SC Gross-Umstadt"]
[BlackTeam "SF Mainz"]

1. d4 d5 2. Nf3 Nf6 3. c4 c6 4. Nc3 g6 5. Bf4 e6 6. h3 Bg7 7. e3 O-O 8. Qc2 Nh5
9. Bh2 Nd7 10. Bd3 dxc4 11. Bxc4 Nb6 12. Be2 Nd5 13. a3 f5 14. Be5 Bxe5 15.
Nxe5 Nhf6 16. Rc1 f4 17. e4 Nc7 18. Rd1 Nd7 19. Nf3 Qf6 20. e5 Qg7 21. Ne4 h6
22. h4 Nd5 23. Bd3 Ne7 24. Nd6 Nb6 25. Kf1 Nbd5 26. Bc4 Nf5 27. Nxf5 exf5 28.
Bxd5+ cxd5 29. Qb3 Be6 30. Ke2 g5 31. hxg5 hxg5 32. Rh5 g4 33. Ng5 Bf7 34. Nxf7
f3+ 35. gxf3 gxf3+ 36. Kd2 Kxf7 37. Qxb7+ 1-0

[Event "30.Schlosspark-Open"]
[Site "Wiesbaden-Biebrich"]
[Date "2018.08.25"]
[Round "4.64"]
[White "Seidel, Martin"]
[Black "Haftmann, Rainer"]
[Result "0-1"]
[WhiteElo "1860"]
[BlackElo "1686"]
[PlyCount "78"]
[EventDate "2018.??.??"]
[WhiteTeam "SV Hennef"]
[BlackTeam "SG Dietzenbach"]

1. f4 d5 2. b3 Nf6 3. Bb2 c5 4. e3 Nc6 5. Nf3 Bg4 6. Be2 e6 7. d3 Be7 8. Nbd2
Qc7 9. O-O O-O 10. Ne5 Bxe2 11. Qxe2 Rad8 12. Ndf3 Nd7 13. Nxc6 Qxc6 14. c4 Bf6
15. Bxf6 Nxf6 16. Ne5 Qc7 17. g4 Nd7 18. Nf3 f6 19. g5 dxc4 20. dxc4 e5 21.
fxe5 Nxe5 22. Nxe5 Qxe5 23. gxf6 Rxf6 24. Rxf6 Qxf6 25. Rf1 Qg5+ 26. Kh1 Rd6
27. Qf3 Rf6 28. Qxf6 gxf6 29. Rg1 Kf7 30. Rxg5 fxg5 31. Kg2 Kf6 32. Kf3 h5 33.
Ke4 Ke6 34. a3 b6 35. h3 a6 36. Kf3 Ke5 37. Kg3 Ke4 38. Kf2 a5 39. a4 g4 0-1

[Event "30.Schlosspark-Open"]
[Site "Wiesbaden-Biebrich"]
[Date "2018.08.25"]
[Round "4.65"]
[White "Werner, Tom"]
[Black "Zachary, Bastian"]
[Result "0-1"]
[WhiteElo "1627"]
[BlackElo "1860"]
[PlyCount "92"]
[EventDate "2018.??.??"]
[WhiteTeam "VSG Offenbach"]
[BlackTeam "Mulhouse Philidor"]

1. c4 Nf6 2. Nc3 e6 3. g3 d5 4. cxd5 exd5 5. d4 Bb4 6. Bg2 O-O 7. e3 c6 8. Nge2
Bf5 9. O-O Re8 10. a3 Bxc3 11. Nxc3 Nbd7 12. Re1 Nb6 13. b3 Qe7 14. Bb2 Ne4 15.
Nxe4 Bxe4 16. f3 Bg6 17. e4 dxe4 18. fxe4 Rad8 19. Qf3 Qg5 20. Qf4 Qb5 21. Qf3
Nd7 22. e5 Nb6 23. Bf1 Qd5 24. Qxd5 Nxd5 25. Bg2 Bc2 26. b4 Ba4 27. Rac1 Nb6
28. Bf1 Bb3 29. Be2 Bd5 30. Kf2 f6 31. exf6 Rf8 32. Kg1 Rxf6 33. Bg4 Rdf8 34.
Rf1 Nc4 35. Rxf6 Rxf6 36. Bc3 Nxa3 37. Bc8 Rf7 38. Re1 Nb5 39. Bb2 Nd6 40. Be6
Bxe6 41. Rxe6 Nc4 42. Re8+ Rf8 43. Rxf8+ Kxf8 44. Bc1 Ke7 45. Kf2 Ke6 46. Kf3
Kd5 0-1

[Event "30.Schlosspark-Open"]
[Site "Wiesbaden-Biebrich"]
[Date "2018.08.25"]
[Round "4.66"]
[White "Hoffmann, Christian"]
[Black "Viol, Julius"]
[Result "1-0"]
[WhiteElo "1859"]
[BlackElo "1666"]
[PlyCount "133"]
[EventDate "2018.??.??"]
[WhiteTeam "BKA Wiesbaden"]
[BlackTeam "FC Bierstadt"]

1. e4 c5 2. Nf3 d6 3. g3 Nf6 4. d3 Nc6 5. Bg2 g6 6. O-O Bg7 7. Nbd2 O-O 8. c3
b5 9. a3 a5 10. e5 Nd7 11. e6 fxe6 12. Ng5 Ndb8 13. Qb3 Qd7 14. Nxe6 Kh8 15.
Nxf8 Bxf8 16. Qf7 Qf5 17. Qxf5 Bxf5 18. Be4 Ra7 19. Nf3 Bxe4 20. dxe4 Nd7 21.
a4 b4 22. cxb4 Nxb4 23. Bg5 h6 24. Bd2 Bg7 25. Bc3 Nd3 26. Bxg7+ Kxg7 27. b3
Rb7 28. Rab1 Rb4 29. Rfd1 N3e5 30. Nd2 Kf6 31. f4 Nc6 32. Nc4 Nd4 33. Nxa5 Ne2+
34. Kf2 Nc3 35. e5+ dxe5 36. Rxd7 Nxb1 37. fxe5+ Kxe5 38. Nc6+ Ke6 39. Rxe7+
Kd6 40. Nxb4 Kxe7 41. a5 Nc3 42. a6 Nb5 43. Nc6+ Kd6 44. a7 Nc7 45. Na5 Na8 46.
Nc4+ Kc7 47. Ne5 Kb7 48. Nxg6 Kxa7 49. Ne5 Kb6 50. Kf3 Nc7 51. Kg4 Ne6 52. Kh5
Nd4 53. Kxh6 Nxb3 54. g4 Nd4 55. g5 Kc7 56. Kg6 Kd6 57. Kf6 Ne6 58. g6 Nf4 59.
Nd3 Nh5+ 60. Kf7 c4 61. Nf4 c3 62. Ne2 c2 63. g7 Nxg7 64. Kxg7 Ke5 65. h4 Ke4
66. h5 Kd3 67. Nc1+ 1-0

[Event "30.Schlosspark-Open"]
[Site "Wiesbaden-Biebrich"]
[Date "2018.08.25"]
[Round "4.67"]
[White "Polat, Marcel"]
[Black "Launert, Martin"]
[Result "0-1"]
[WhiteElo "1643"]
[BlackElo "1859"]
[PlyCount "96"]
[EventDate "2018.??.??"]
[WhiteTeam "Vorw.Orient Mainz"]
[BlackTeam "Sfr. Erbach"]

1. c4 e5 2. Nc3 Nf6 3. g3 c6 4. Bg2 Be7 5. e4 d6 6. d3 O-O 7. Nf3 h6 8. O-O Be6
9. h3 Qd7 10. Kh2 Na6 11. Qe2 b5 12. b3 b4 13. Nd1 c5 14. Ng1 Nh7 15. f4 Qd8
16. f5 Bd7 17. Nf3 Nb8 18. Ne3 Nc6 19. Nd5 Nd4 20. Nxd4 exd4 21. f6 Nxf6 22.
Nxf6+ Bxf6 23. e5 Bxe5 24. Bxa8 Qxa8 25. Bf4 Re8 26. Qf2 f6 27. Rae1 Qc8 28. g4
a5 29. Ra1 h5 30. Bxe5 Rxe5 31. Rae1 Rg5 32. Rg1 hxg4 33. Rg3 Rh5 34. Qf4 Re5
35. Rxe5 dxe5 36. Qe4 gxh3 37. Qg6 Qf8 38. Qe4 Be6 39. Qc6 Qc8 40. Qd6 Kf7 41.
Rf3 Kg6 42. Qe7 Bg4 43. Rf2 Qc6 44. Kg1 Bf5 45. Rh2 Qf3 46. Qe8+ Kh7 47. Rf2
Qg3+ 48. Kh1 Bg6 0-1

[Event "30.Schlosspark-Open"]
[Site "Wiesbaden-Biebrich"]
[Date "2018.08.25"]
[Round "4.68"]
[White "Pauly, Markus"]
[Black "Knoedler, Marcel"]
[Result "1-0"]
[WhiteElo "1805"]
[BlackElo "1646"]
[PlyCount "111"]
[EventDate "2018.??.??"]
[WhiteTeam "Sfr. Erbach"]
[BlackTeam "FC Bierstadt"]

1. c4 g6 2. g3 Bg7 3. Bg2 d6 4. Nc3 Nc6 5. e4 e5 6. Nge2 f5 7. d3 Nf6 8. O-O
O-O 9. f3 Be6 10. Nd5 Bxd5 11. cxd5 Ne7 12. Qb3 Qb8 13. Be3 Kh8 14. d4 Nd7 15.
dxe5 Bxe5 16. Bd4 c5 17. Bxe5+ Nxe5 18. f4 Nd7 19. Nc3 fxe4 20. Nxe4 Nf5 21.
Ng5 Nd4 22. Qc3 Nf6 23. Rae1 b5 24. b4 Qb6 25. Kh1 cxb4 26. Qb2 Rac8 27. Ne6
Nxe6 28. dxe6 Rce8 29. e7 Rf7 30. Bd5 Kg7 31. Bxf7 Kxf7 32. Qxb4 Qc6+ 33. Kg1
Qc5+ 34. Qxc5 dxc5 35. f5 g5 36. Re6 Rxe7 37. Rxe7+ Kxe7 38. Re1+ Kf7 39. Re6
Nd7 40. Ra6 b4 41. Rxa7 Ke8 42. Ra8+ Ke7 43. Ra6 Nf6 44. Re6+ Kf7 45. Rc6 Ne4
46. Kf1 b3 47. axb3 Nd2+ 48. Ke2 Nxb3 49. Kd3 Nd4 50. Rxc5 Nf3 51. h3 h5 52.
Ke3 Ng1 53. h4 Nh3 54. Rc1 Kf6 55. Rh1 g4 56. Rf1 1-0

[Event "30.Schlosspark-Open"]
[Site "Wiesbaden-Biebrich"]
[Date "2018.08.25"]
[Round "4.69"]
[White "Brechlin, Olaf"]
[Black "Heinrich, Leon"]
[Result "0-1"]
[WhiteElo "1849"]
[BlackElo "1638"]
[PlyCount "64"]
[EventDate "2018.??.??"]
[WhiteTeam "FVS ASP Hoyerswerda"]
[BlackTeam "SW Nuernberg Sued"]

1. Nc3 c5 2. g3 Nc6 3. Bg2 Nf6 4. e4 d6 5. d3 e6 6. f4 Be7 7. Nf3 O-O 8. Ne2 b6
9. O-O Qc7 10. h3 d5 11. e5 Nd7 12. c3 b5 13. g4 Nb6 14. Ng3 b4 15. Qe1 Ba6 16.
Qe3 Nd7 17. Re1 d4 18. cxd4 cxd4 19. Qd2 Rac8 20. Ne4 b3 21. axb3 Bb4 22. Qe2
Bxe1 23. Rxa6 Ba5 24. Bd2 Ndb8 25. Rxa5 Nxa5 26. Nxd4 Nbc6 27. Nb5 Qb6+ 28. Kh2
Qxb5 29. g5 Nd4 30. Qh5 Naxb3 31. Nf6+ gxf6 32. gxf6 Qxd3 0-1

[Event "30.Schlosspark-Open"]
[Site "Wiesbaden-Biebrich"]
[Date "2018.08.25"]
[Round "4.70"]
[White "Bursch, Alexander"]
[Black "Muenstermann, Matthias"]
[Result "1/2-1/2"]
[WhiteElo "1627"]
[BlackElo "1839"]
[PlyCount "44"]
[EventDate "2018.??.??"]
[WhiteTeam "SV Hennef"]
[BlackTeam "SK Langen"]

1. b3 e5 2. e3 Nc6 3. Bb2 d5 4. Bb5 Bd6 5. f4 Qe7 6. Nf3 Bg4 7. O-O Bxf3 8.
Qxf3 Nf6 9. Nc3 e4 10. Qg3 O-O-O 11. Bxc6 bxc6 12. a4 Kb8 13. Qe1 g5 14. Ne2
Rhg8 15. Nd4 Kb7 16. Qe2 gxf4 17. Nxc6 f3 18. Qb5+ Ka8 19. Nxe7 Rxg2+ 20. Kh1
Rxh2+ 21. Kg1 Rg2+ 22. Kh1 Rh2+ 1/2-1/2

[Event "30.Schlosspark-Open"]
[Site "Wiesbaden-Biebrich"]
[Date "2018.08.25"]
[Round "4.71"]
[White "Werner, Rosalie"]
[Black "Rowland, Anthony"]
[Result "1/2-1/2"]
[WhiteElo "1536"]
[BlackElo "1832"]
[PlyCount "40"]
[EventDate "2018.??.??"]
[WhiteTeam "VSG Offenbach"]
[BlackTeam "SC Taunusstein"]

1. e4 c5 2. Nf3 d6 3. d4 cxd4 4. Nxd4 Nf6 5. Nc3 g6 6. f4 Nbd7 7. Qf3 Bg7 8.
Be3 O-O 9. O-O-O Nc5 10. h3 Qa5 11. a3 a6 12. Bc4 Qc7 13. Nd5 Nxd5 14. Bxd5 e6
15. Ba2 Rb8 16. Nb3 Na4 17. Bd4 e5 18. fxe5 dxe5 19. Ba7 Ra8 20. Be3 Be6
1/2-1/2

[Event "30.Schlosspark-Open"]
[Site "Wiesbaden-Biebrich"]
[Date "2018.08.25"]
[Round "4.72"]
[White "Reinisch, Markus"]
[Black "Traut, Stefan"]
[Result "1-0"]
[WhiteElo "1829"]
[BlackElo "1627"]
[PlyCount "47"]
[EventDate "2018.??.??"]
[WhiteTeam "Wiesbadener SV"]
[BlackTeam "SF Heusenstamm"]

1. d4 Nf6 2. c4 c5 3. e3 e6 4. Nf3 d5 5. Nc3 Be7 6. Bd3 O-O 7. O-O Nc6 8. a3 b6
9. Re1 Bb7 10. cxd5 exd5 11. b3 cxd4 12. exd4 Rc8 13. Bf5 Rb8 14. Bf4 Bd6 15.
Ne5 a6 16. Bg5 h6 17. Bh4 g5 18. Bg3 Re8 19. Qd3 Ne7 20. Bh3 b5 21. f4 Bc8 22.
fxg5 hxg5 23. Rf1 Nc6 24. Nxc6 1-0

[Event "30.Schlosspark-Open"]
[Site "Wiesbaden-Biebrich"]
[Date "2018.08.25"]
[Round "4.73"]
[White "Gerber, Ingo"]
[Black "Bolduan, Michael"]
[Result "1/2-1/2"]
[WhiteElo "1516"]
[BlackElo "1827"]
[PlyCount "50"]
[EventDate "2018.??.??"]
[WhiteTeam "SF Mainz"]
[BlackTeam "SC Taunusstein"]

1. d4 e6 2. Nf3 f5 3. Bf4 Nf6 4. h3 Be7 5. Nbd2 b6 6. e3 Bb7 7. Be2 O-O 8. a3
c5 9. c3 Nc6 10. O-O Rc8 11. Rc1 d5 12. Ne5 Nxe5 13. Bxe5 Bd6 14. Bxd6 Qxd6 15.
Qa4 a6 16. Rfd1 b5 17. dxc5 Qxc5 18. Qd4 Qc7 19. Nf3 Nd7 20. Ng5 Rf6 21. Qb4
Rg6 22. Qe7 Nf8 23. Qxc7 Rxc7 24. f4 Rf6 25. b3 Nd7 1/2-1/2

[Event "30.Schlosspark-Open"]
[Site "Wiesbaden-Biebrich"]
[Date "2018.08.25"]
[Round "4.74"]
[White "Miranda Martin, Pablo Mateo"]
[Black "Froehlich-Dill, Astrid"]
[Result "0-1"]
[WhiteElo "1494"]
[BlackElo "1824"]
[PlyCount "62"]
[EventDate "2018.??.??"]
[WhiteTeam "SV Walldorf"]
[BlackTeam "SV Hofheim"]

1. e4 g6 2. d4 Bg7 3. Nf3 d6 4. c4 Nc6 5. Nc3 Bg4 6. Be3 Bxf3 7. gxf3 e6 8. Qd2
a6 9. O-O-O Nf6 10. Bh6 Bxh6 11. Qxh6 Qe7 12. Bh3 O-O-O 13. Qe3 Kb8 14. Ne2 Nd7
15. f4 Nb6 16. Qb3 Na5 17. Qb4 Naxc4 18. b3 c5 19. Qc3 cxd4 20. Rxd4 Na3 21.
Qb4 Qc7+ 22. Nc3 Nb5 23. Rd3 d5 24. Kb2 dxe4 25. Rxd8+ Rxd8 26. Nxb5 axb5 27.
Rc1 Qxf4 28. Rc2 Qe5+ 29. Ka3 Rd4 30. Rc5 Qd6 31. Qxb5 Nd7 0-1

[Event "30.Schlosspark-Open"]
[Site "Wiesbaden-Biebrich"]
[Date "2018.08.25"]
[Round "4.75"]
[White "Rosen, Thomas"]
[Black "Kiechl, Stefan"]
[Result "1/2-1/2"]
[WhiteElo "1235"]
[BlackElo "1817"]
[PlyCount "103"]
[EventDate "2018.??.??"]
[WhiteTeam "SV Lahn Limburg"]
[BlackTeam "SK Kriegshaber"]

1. d4 d6 2. e4 Nf6 3. Nc3 e5 4. Nf3 exd4 5. Nxd4 Be7 6. Be2 O-O 7. O-O Re8 8.
h3 c6 9. a4 c5 10. Nf5 Bxf5 11. exf5 a6 12. Bf3 Qd7 13. Re1 Nc6 14. Nd5 Nxd5
15. Bxd5 Qxf5 16. Be4 Qd7 17. Qf3 Bf6 18. c3 d5 19. Qd3 g6 20. Be3 Rxe4 21.
Rad1 Qe8 22. Qxd5 Rd8 23. Qxc5 Re5 24. Qb6 Rxd1 25. Rxd1 Re7 26. b4 Bxc3 27. b5
Ba5 28. Qc5 Re5 29. Qd6 axb5 30. axb5 Rxb5 31. Qf4 Qe5 32. Qf3 f5 33. Bf4 Qe4
34. Qg3 Nd4 35. Rxd4 Qxd4 36. Kh2 Rd5 37. Bh6 Rd8 38. Qb3+ Qd5 39. Qb2 Qf7 40.
Bf4 Bc7 41. Bxc7 Qxc7+ 42. g3 Qd7 43. Qb3+ Qd5 44. Qb6 Re8 45. h4 Re6 46. Qc7
Rd6 47. h5 gxh5 48. Qb8+ Rd8 49. Qf4 Qf7 50. Qg5+ Kf8 51. Qxd8+ Kg7 52. Qg5+
1/2-1/2

[Event "30.Schlosspark-Open"]
[Site "Wiesbaden-Biebrich"]
[Date "2018.08.25"]
[Round "4.76"]
[White "Koerbel, Ekkehard"]
[Black "Masoudi, Kian"]
[Result "1-0"]
[WhiteElo "1810"]
[BlackElo "1588"]
[PlyCount "135"]
[EventDate "2018.??.??"]
[WhiteTeam "SK Geisenheim"]
[BlackTeam "SC Bergen-Enkheim"]

1. e4 e5 2. Nf3 Nc6 3. Bc4 Nf6 4. d3 Bc5 5. c3 h6 6. h3 Bb6 7. Nbd2 d6 8. Nf1
Be6 9. Bb5 Qd7 10. Be3 Bxe3 11. Nxe3 a6 12. Ba4 b5 13. Bc2 d5 14. exd5 Nxd5 15.
O-O Nf4 16. d4 exd4 17. cxd4 Nxd4 18. Nxd4 Qxd4 19. Qf3 O-O 20. Rad1 Qf6 21.
Ng4 Qg5 22. Rd4 Ng6 23. Bxg6 Qxg6 24. Rfd1 c5 25. Rd6 Qg5 26. Ne3 Qe5 27. b3 a5
28. Qc6 Rab8 29. Qa6 Qc3 30. R6d3 Qe5 31. Qxa5 Qg5 32. Kh2 Qf4+ 33. Kg1 c4 34.
bxc4 bxc4 35. Rd4 Qf6 36. Nxc4 Bxc4 37. Rxc4 Rb2 38. Rf1 Rfb8 39. Qa7 R2b7 40.
Qa4 Qb6 41. Rfc1 Ra7 42. Rc8+ Rxc8 43. Rxc8+ Kh7 44. Qe4+ Qg6 45. Qxg6+ Kxg6
46. Rc2 Kf5 47. Kf1 Re7 48. g3 Re4 49. Rc5+ Ke6 50. h4 f5 51. f4 Kf6 52. h5 Rb4
53. Rc6+ Kf7 54. Rc2 Kf6 55. Ke2 Re4+ 56. Kd2 Ra4 57. Ke2 Ra6 58. Kf2 g5 59.
hxg6 Kxg6 60. Kg2 Kf6 61. Kh3 Ke6 62. Rd2 Ra3 63. Kg2 Kf6 64. Rb2 Ra6 65. Kf1
Ra3 66. Rg2 Kg6 67. Ke1 Kh5 68. Kf1 1-0

[Event "30.Schlosspark-Open"]
[Site "Wiesbaden-Biebrich"]
[Date "2018.08.25"]
[Round "4.77"]
[White "Weiland, Thomas"]
[Black "Schneider, Luca"]
[Result "1-0"]
[WhiteElo "1804"]
[BlackElo "1480"]
[PlyCount "73"]
[EventDate "2018.??.??"]
[WhiteTeam "SV Oberursel"]
[BlackTeam "FC Bierstadt"]

1. Nf3 d5 2. d4 Bf5 3. g3 Nf6 4. Nbd2 e6 5. c3 c5 6. Bg2 Nc6 7. dxc5 Bxc5 8.
O-O Qc7 9. Nb3 Bd6 10. Nbd4 a6 11. Nxf5 exf5 12. Nd4 Nxd4 13. cxd4 f4 14. Qb3
fxg3 15. hxg3 O-O 16. Bxd5 Nxd5 17. Qxd5 Rad8 18. Qg2 Rde8 19. e4 Re6 20. e5
Be7 21. Be3 Rg6 22. Rac1 Qb8 23. Bf4 Bg5 24. Bxg5 Rxg5 25. Rc3 Rd8 26. Qe4 h5
27. Kg2 Rg4 28. f4 Rc8 29. Rff3 Rg6 30. d5 h4 31. Qf5 Rxc3 32. Rxc3 Rxg3+ 33.
Rxg3 hxg3 34. d6 Qd8 35. Kxg3 g6 36. Qc2 Kf8 37. Qc7 1-0

[Event "30.Schlosspark-Open"]
[Site "Wiesbaden-Biebrich"]
[Date "2018.08.25"]
[Round "4.78"]
[White "Stollreiter, Marc"]
[Black "John, Volkmar"]
[Result "1/2-1/2"]
[WhiteElo "1183"]
[BlackElo "1742"]
[PlyCount "44"]
[EventDate "2018.??.??"]
[WhiteTeam "Koelner SK Dr. Lasker"]
[BlackTeam "SC Herborn"]

1. d4 d5 2. Bf4 Nf6 3. e3 e6 4. Nf3 Be7 5. h3 O-O 6. Nbd2 b6 7. c3 Bb7 8. Bd3
c5 9. Ne5 Nbd7 10. g4 Ne4 11. Nxd7 Qxd7 12. Nxe4 dxe4 13. Be2 cxd4 14. Qxd4
Qxd4 15. cxd4 Bb4+ 16. Kd1 Rac8 17. a3 Be7 18. Rc1 Bh4 19. Rxc8 Rxc8 20. Bg3
Bxg3 21. fxg3 Bd5 22. Kd2 Kf8 1/2-1/2